| 000 | 01147cam a2200349 i 4500 | ||
|---|---|---|---|
| 650 | 7 |
_981044 _aİflas _zTürkiye _2etuturkob |
|
| 650 | 0 |
_938711 _aExecutions (Law) _zTurkey |
|
| 999 |
_c200429670 _d47594 |
||
| 001 | 200429670 | ||
| 003 | TR-AnTOB | ||
| 005 | 20240902160313.0 | ||
| 007 | ta | ||
| 008 | 970818s2002 tu e 00100 tur d | ||
| 020 | _a9755370870 | ||
| 040 |
_aSULEY _beng _erda _cSULEY _dTR-AnTOB |
||
| 041 | 0 | _atur | |
| 050 | 0 | 0 | _aKKX1888 |
| 090 |
_aKKX1888 _b.K87 2002 |
||
| 100 | 1 |
_aKuru, Baki, _d1928- _eauthor _989587 |
|
| 245 | 1 | 0 |
_aBankacılar için icra ve iflas hukuku / _cBaki Kuru. |
| 264 | 1 |
_aAnkara : _bBanka ve Ticaret Araştırma Enstitüsü, _c2002. |
|
| 300 |
_axiv, 199 pages ; _c16 cm. |
||
| 336 |
_atext _2rdacontent |
||
| 337 |
_aunmediated _2rdamedia |
||
| 338 |
_avolume _2rdacarrier |
||
| 490 | 0 |
_aBanka ve Ticaret Hukuku Araştırma Enstitüsü ; _vyayın nu: 333 _aBankacılar serisi ; _vnu: 3 |
|
| 590 | _6Donated by Doç. Dr. Kudret Arslan. | ||
| 650 | 0 |
_aBankruptcy _zTurkey _9115794 |
|
| 650 | 7 |
_aİcra-iflas hukuku _zTürkiye _2etuturkob _9115811 |
|
| 942 |
_2lcc _cBK |
||